000 04706nam a2200337 i 4500
001 104
003 gtuscu
005 20241127152648.0
007 ta
008 241127b2003 |||||||| |||| 001 0 spa d
040 _agtuscu
_bspa
_cgtuscu
_dgtuscu
_erda
082 _aCEUR 378.1 P699
110 1 _aUniversidad de San Carlos de Guatemala,
_bCentro de Estudios Urbanos y Regionales
245 _aPlan Estratégico :
_b2003-2022 /
_ceditores Mario Alfonso Bravo Soto y Huber Ernesto Palma Urrutia.
264 1 _aGuatemala :
_bUniversidad de San Carlos de Guatemala, Centro de Estudios Urbanos y Regionales,
_c2003.
300 _a253 páginas :
_c27.5 cm
336 _2rdacontenido
_atexto
_btxt
337 _2rdamedio
_asin mediación
_bn
338 _2rdasoporte
_avolumen
_bnc
500 _aFacilitador Huber Ernesto Palma Urrutia; coordinadora Amanda Morán; Investigadores-CEUR José Luis Díaz, Oscar Guillermo Peláez Almengor, Enrique Gordillo y Mario Alfonso Bravo Soto; Auxiliares-CEUR Florentín Martínez, Rafael Valladares, Nelson Morales, Blanca Ileana Ordónez; Personal administrativo Patricia Castañeda de Carrillo, Edith de Ruano, Julio Reyes, Guillermina Valenzuela.
505 0 _tPresentación --
505 0 _tIntroducción --
505 0 _gPrimera Parte
_tCapítulo I Descripción del Centro de Estudios Urbanos y Regionales, CEUR --
505 0 _tCapítulo II Análisis estratégico del Centro de Estudios Urbanos y Regionales, CEUR --
505 0 _gSegunda Parte
_tCapítulo III Diseño del Plan estratégico (2003-2022) del Centro de Estudios Urbanos y Regionales, CEUR
505 0 _gTercera Parte
_tAnexos Insumos y referencias del proceso de planificación
520 3 _aTomado de la Presentación: La Planeación Estratégica, es una modalidad de organización del trabajo que, en años recientes ha venido abriéndose campo dentro de los organismos gubernamentales, interesados en elevar su eficacia y eficiencia. La Universidad de San Carlos de Guatemala ha asumido el reto de replantear la ejecución de sus funciones y atribuciones constitucionales y las que emanan de su normativa propia, desde la lógica organizativa que provee esta modalidad, en razón de lo cual ha venido trabajando en la elaboración de su Plan Estratégico para el período 2002-2022, el cual está por concluir. En correspondencia con lo anterior y en respuesta a una serie de inquietudes que en distintos períodos se manifestaron en el seno del Cuerpo Técnico de Investigadores y Auxiliares de Investigación del Centro de Estudios Urbanos y regionales, como parte del debate dentro del Seminario Interno Permanente, se planteó el desafío de anticiparnos a lo que será una tarea obligatoria para todas las unidades académicas y administrativas de la USAC en el futuro inmediato, por lo que se hizo la solicitud pertinente a efecto de que el Consejo Directivo del CEUR aprobara la formulación de una propuesta de Plan Estratégico 2003-2022 de nuestra institución, como actividad central de toda la entidad durante el primer semestre del presente año. Esta solicitud fue aprobada y se orientó a definir o redefinir una serie de cuestiones de orden conceptual y metodológico de cardinal importancia para el trabajo del CEUR, todo lo cual quedó plasmado en la memoria del “Encuentro entre el Consejo Directivo y Cuerpo Técnico del CEUR”, celebrado el día 28 de febrero de 2003 (Tercera Parte. Anexo No. 1). El resultado del esfuerzo realizado en tal dirección, lo constituye la presente publicación que recoge el Plan Estratégico 2003-2022 del Centro de Estudios Urbanos y Regionales, que la Coordinación y el Cuerpo Técnico del CEUR ponen a disposición de las Autoridades y comunidad universitaria. Este Plan fue enriquecido con las opiniones, modificaciones, supresiones o adiciones que emanaron de los miembros de referencia fundamental, el Plan Estratégico de la USAC. Los consensos alcanzados tras los enriquecedores debates, como parte del proceso de elaboración de la presente propuesta, fueron la base sólida para que de inmediato se pudiera iniciar, el pasado 1 de julio de 2003, la fase inicial que es considerada la “Etapa de Puesta en Marcha del Plan Estratégico del CEUR”, la cual aparece expuesta en el presente documento, así como el Primer Plan Operativo julio-diciembre 2003. Con la publicación del presente documento y su difusión, esperamos contribuir también a una mejor relación entre todas las unidades académicas y centros de investigación de nuestra Universidad. La Coordinación.
650 1 4 _aEducación Superior
_vFines y objetivos
_2LEMB
650 1 4 _aPolítica de educación superior
_2LEMB
942 _2ddc
_cBK
_n0
999 _c104
_d104